Sūra kī sāhitya sādhanā. (Record no. 65321)

MARC details
000 -LEADER
fixed length control field 00763cam a22002531 4500
001 - CONTROL NUMBER
control field sa 65007722
003 - CONTROL NUMBER IDENTIFIER
control field DLC
005 - DATE AND TIME OF LATEST TRANSACTION
control field 20260227112150.0
008 - FIXED-LENGTH DATA ELEMENTS--GENERAL INFORMATION
fixed length control field 890724s1965 ii b 000 0 hino
010 ## - LIBRARY OF CONGRESS CONTROL NUMBER
LC control number sa 65007722
035 ## - SYSTEM CONTROL NUMBER
System control number (OCoLC)20061659
040 ## - CATALOGING SOURCE
Original cataloging agency DLC
Transcribing agency WaU
Modifying agency NRU
-- DLC
042 ## - AUTHENTICATION CODE
Authentication code premarc
050 00 - LIBRARY OF CONGRESS CALL NUMBER
Classification number PK2095.S8
Item number Z74
100 1# - MAIN ENTRY--PERSONAL NAME
Personal name Mishra, Bhagawat Svaroop,
Dates associated with a name 1920-
245 10 - TITLE STATEMENT
Title Sūra kī sāhitya sādhanā.
Statement of responsibility, etc. Sampādaka Bhagawatsvarūpa Mishra evaṃ Viśvambhara 'Aruṇa.'
250 ## - EDITION STATEMENT
Edition statement [Prathamāvr̥ti]
260 ## - PUBLICATION, DISTRIBUTION, ETC.
Place of publication, distribution, etc. Āgarā,
Name of publisher, distributor, etc. Śivalāla Agravāla
Date of publication, distribution, etc. [1965]
300 ## - PHYSICAL DESCRIPTION
Extent 7, 410 p.
Dimensions 23 cm.
500 ## - GENERAL NOTE
General note In Hindi.
504 ## - BIBLIOGRAPHY, ETC. NOTE
Bibliography, etc. note Bibliographical footnotes.
600 00 - SUBJECT ADDED ENTRY--PERSONAL NAME
Personal name Sūradāsa,
Dates associated with a name 1483?-1563?
700 1# - ADDED ENTRY--PERSONAL NAME
Personal name Aruṇa, Viśvambhara.

No items available.

Powered by Koha